Kouzelná země Orplid / Eduard Mörike ; z německých originálů Mörikes Werke, 2. Teil a Maler Nolten, 1. Teil vybral, přeložil a předmluvu: Básník touhy po harmonii napsal Jiří Mulač
K stému výročí úmrtí německého lyrika a prozaika vychází soubor jeho pohádek, povídek pohádkového rázu (Poklad, Jezertina ruka, Sedlák a jeho syn, Stuttgartský Křížalníček) a pohádkového dramatu (Poslední orplidsky král). V příbězích, hýřících bohatou fantazií, se zrcadlí autorův vztah k švábskému venkovu a jeho bodrým lidem, úcta ke kladným hodnotám života a láska k přírodě.
Record details
- Physical Description: 263 s. ; 8°
- Edition: 1. vyd.
- Publisher: Praha : Odeon, 1975
Content descriptions
| General Note: | Obálka: František Muzika 3000 výt. Životopisná pozn. o autorovi |
Search for related items by series
Available copies
- 1 of 1 copy available at Common Catalog SPOK.
Holds
- 0 current holds with 1 total copy.
Show Only Available Copies
| Location | Call Number / Copy Notes | Barcode | Shelving Location | Status | Due Date |
|---|---|---|---|---|---|
| KDS Library | 810 MoE | 204576800936 | Library | Available | - |
| LDR | 01664nam a22003491 4500 | ||
|---|---|---|---|
| 001 | 20605 | ||
| 003 | CZ-PrJAB | ||
| 005 | 20150709063400.0 | ||
| 008 | 971110s1975 xr ||| | cze | ||
| 015 | . | ‡acnb000497680 | |
| 020 | . | ‡q(Brož.) : ‡cKčs 14,00 | |
| 035 | . | ‡a(CZ PrNK)bk197505444 | |
| 035 | . | ‡a(OCoLC)85368088 | |
| 040 | . | ‡aABA001 ‡bcze ‡cLIA001 ‡dABA001 | |
| 041 | 1 | . | ‡acze ‡hger |
| 080 | . | ‡a830-32-343.4-821+92 Mörike, E. ‡2undef | |
| 100 | 1 | . | ‡aMörike, Eduard, ‡d1804-1875 ‡7jn19990005878 ‡4aut |
| 245 | 1 | 0. | ‡aKouzelná země Orplid / ‡cEduard Mörike ; z německých originálů Mörikes Werke, 2. Teil a Maler Nolten, 1. Teil vybral, přeložil a předmluvu: Básník touhy po harmonii napsal Jiří Mulač |
| 250 | . | ‡a1. vyd. | |
| 260 | . | ‡aPraha : ‡bOdeon, ‡c1975 ‡f(Mír 1) | |
| 300 | . | ‡a263 s. ; ‡c8° | |
| 490 | 1 | . | ‡aSvětová četba ; ‡vsv. 458 |
| 500 | . | ‡aObálka: František Muzika | |
| 500 | . | ‡a3000 výt. | |
| 500 | . | ‡aŽivotopisná pozn. o autorovi | |
| 520 | . | ‡aK stému výročí úmrtí německého lyrika a prozaika vychází soubor jeho pohádek, povídek pohádkového rázu (Poklad, Jezertina ruka, Sedlák a jeho syn, Stuttgartský Křížalníček) a pohádkového dramatu (Poslední orplidsky král). V příbězích, hýřících bohatou fantazií, se zrcadlí autorův vztah k švábskému venkovu a jeho bodrým lidem, úcta ke kladným hodnotám života a láska k přírodě. | |
| 700 | 1 | . | ‡aMulač, Jiří, ‡d1924-1989 ‡7jk01082390 ‡4com |
| 830 | 0. | ‡aSvětová četba (Odeon) | |
| 910 | . | ‡aABE463 | |
| 964 | . | ‡aMörike, Eduard (1804-1875 básník a prozaik něm.) - život a dílo | |
| 964 | . | ‡aPohádky | |
| 964 | . | ‡aPohádky - hry divadelní | |
| 998 | . | ‡a000497680 | |
| 901 | . | ‡a20605 ‡b ‡c20605 ‡tbiblio | |